[Event "AUTO-ELITE-1459"]
[Site "http://www.queenalice.com/game.php?id=1437277"]
[Date "2016.8.22"]
[Round "3"]
[White "chego"]
[Black "zatu"]
[Result "0-1"]
[WhiteElo "2374"]
[BlackElo "2324"]

1. d4 Nf6 2. c4 c5 3. d5 d6 4. Nc3 Bf5 5. Nf3 Na6 6. Nh4 Bd7 7. e4 Qa5 8. Bd2
Qb6 9. Be2 Qxb2 10. Rb1 Qa3 11. Rb3 Qa5 12. Qb1 Bc8 13. O-O g6 14. Nf3 Bg7 15.
e5 dxe5 16. Nxe5 O-O 0-1

[Event "AUTO-ELITE-1459"]
[Site "http://www.queenalice.com/game.php?id=1437278"]
[Date "2016.8.22"]
[Round "3"]
[White "zatu"]
[Black "chego"]
[Result "1-0"]
[WhiteElo "2338"]
[BlackElo "2360"]

1. e4 e5 2. Nf3 Nf6 3. Nc3 Nc6 4. d4 exd4 5. Nxd4 Bb4 6. Nxc6 bxc6 7. Bd3 d5 8.
exd5 cxd5 9. Qe2+ Qe7 10. O-O O-O 11. Qxe7 Bxe7 12. Re1 Bb4 13. Bf4 d4 14. a3
dxc3 15. axb4 cxb2 16. Rab1 Nd5 17. Bd2 a5 18. b5 1-0

[Event "AUTO-ELITE-1747"]
[Site "http://www.queenalice.com/game.php?id=1446362"]
[Date "2016.10.19"]
[Round "1"]
[White "chego"]
[Black "jandamian"]
[Result "0-1"]
[WhiteElo "2348"]
[BlackElo "2576"]

1. e4 e6 2. d4 d5 3. Nc3 Bb4 4. exd5 exd5 5. Bd3 Nc6 6. Ne2 Nge7 7. O-O O-O 8.
a3 Bxc3 9. Nxc3 Nxd4 10. Bxh7+ Kxh7 11. Qxd4 c6 12. Ne2 Re8 13. Be3 Nf5 14. Qd2
Qf6 15. Rab1 b6 16. Rfe1 Nxe3 17. Ng3 Bf5 18. fxe3 Bg6 19. Rf1 Qe5 20. Rf3 Rad8
21. b4 f6 22. Rbf1 Kg8 23. c3 c5 24. Rd1 a5 25. bxa5 bxa5 26. c4 dxc4 27. Qxd8
Rxd8 28. Rxd8+ Kf7 29. e4 Qa1+ 30. Kf2 Qb2+ 31. Ne2 Bh5 32. Rd7+ Kg6 33. Re3 c3
34. h3 Bxe2 35. Rxe2 Qb1 36. Rd5 c4 37. a4 c2 38. Rb5 c1=Q 39. Rxb1 Qxb1 40. e5
fxe5 41. Rxe5 c3 42. Rb5 c2 43. Rxb1 cxb1=Q 44. Kg3 Kg5 45. Kf3 Qd3+ 46. Kf2 Kf4
47. g3+ Qxg3+ 0-1

[Event "AUTO-ELITE-1747"]
[Site "http://www.queenalice.com/game.php?id=1446363"]
[Date "2016.10.19"]
[Round "1"]
[White "jandamian"]
[Black "chego"]
[Result "1-0"]
[WhiteElo "2575"]
[BlackElo "2343"]

1. e4 c5 2. c3 d5 3. exd5 Qxd5 4. d4 Nf6 5. Nf3 Bg4 6. Be2 e6 7. O-O Nc6 8. h3
Bh5 9. Be3 cxd4 10. cxd4 Be7 11. Nc3 Qd6 12. a3 O-O 13. Qd2 Rfd8 14. Rfd1 Rac8
15. g4 Bg6 16. Bf4 Qd7 17. Rac1 Qe8 18. Qe3 Nd5 19. Nxd5 Rxd5 20. Bc4 Rd7 21.
Bb5 Rd5 22. Ba4 Qd8 23. Bb3 Rd7 24. Ne5 Nxe5 25. Rxc8 Qxc8 26. Bxe5 h5 27. Rc1
Qf8 28. Ba4 Rd5 29. gxh5 Bxh5 30. Rc7 Bd6 31. Bxd6 Qxd6 32. Rxb7 Bg6 33. Qg3
Qxg3+ 34. fxg3 Rxd4 35. Rxa7 Rd3 36. Bc2 Rxg3+ 37. Kh2 Rg5 38. Bxg6 Rxg6 39. b4
Rf6 40. Kg2 e5 41. b5 Rb6 42. Ra8+ Kh7 43. a4 e4 44. Rc8 Re6 45. Rc6 Re5 46. b6
Re8 47. a5 e3 48. Kf1 e2+ 49. Ke1 f5 50. b7 Rd8 51. Rc8 Rd6 52. b8=Q Ra6 53.
Rh8+ Kg6 54. Qe8+ Kg5 55. Qe3+ Kf6 56. Rf8+ Kg6 57. h4 1-0

[Event "Challenge"]
[Site "http://www.queenalice.com/game.php?id=1456053"]
[Date "2016.12.23"]
[Round "-"]
[White "LoveChess"]
[Black "chego"]
[Result "1-0"]
[WhiteElo "2856"]
[BlackElo "2349"]

1. e4 c5 2. d4 cxd4 3. Nf3 d6 4. Nxd4 Nf6 5. Nc3 a6 6. Bg5 e6 7. f4 Qb6 8. Nb3
Be7 9. Qf3 Nbd7 10. O-O-O Qc7 11. Bd3 b5 12. a3 h6 13. Bxf6 Nxf6 14. g4 Bb7 15.
Kb1 Nd7 16. Rhf1 Rc8 17. Qh3 Bf6 18. e5 dxe5 19. g5 Bd8 20. f5 Bxg5 21. fxe6 Nf6
22. exf7+ Kxf7 23. Na5 Rhd8 24. Nxb7 Qxb7 25. Ne4 Ke7 26. Nxg5 Qd7 27. Qg3 hxg5
28. Qxe5+ Kf7 29. Bg6+ Kxg6 30. Rxd7 Rxd7 31. Qf5+ Kh6 32. h4 g4 33. h5 Nxh5 34.
Qxd7 Rc4 35. Rf8 Kg5 36. Qf5+ Kh4 37. Rh8 g6 38. Qxg6 Rc5 39. Qe6 Rg5 40. Qe7 g3
41. Rg8 1-0

[Event "Challenge"]
[Site "http://www.queenalice.com/game.php?id=1478013"]
[Date "2017.5.13"]
[Round "-"]
[White "fontaine"]
[Black "chego"]
[Result "1-0"]
[WhiteElo "2672"]
[BlackElo "2338"]

1. e4 c5 2. Nf3 d6 3. c3 Nf6 4. Qc2 e6 5. d4 d5 6. e5 Ne4 7. Bd3 cxd4 8. Bxe4
dxe4 9. Qxe4 d3 10. O-O Qd5 11. Qf4 Bc5 12. c4 Qd7 13. Be3 Bxe3 14. Qxe3 O-O 15.
Nc3 Rd8 16. Ne4 b6 17. Nf6+ gxf6 18. exf6 Qd6 19. Qg5+ Kf8 20. Ne5 Ke8 21. Nxf7
Qf8 22. Ne5 Rd7 23. Rad1 b5 24. Rxd3 Rxd3 25. f7+ Qxf7 26. Nxf7 Kxf7 27. Qf4+
Kg8 28. Qe4 Rd8 29. Qxa8 Bd7 30. Qxa7 bxc4 31. Rd1 e5 32. Rd6 Rc8 33. Rxd7 Nxd7
34. Qxd7 Rf8 35. Qe6+ Kg7 36. a4 Rf4 37. Qxe5+ Rf6 38. a5 Kg6 39. Qxf6+ Kxf6 40.
a6 Ke5 41. a7 h6 42. a8=Q 1-0

[Event "Challenge"]
[Site "http://www.queenalice.com/game.php?id=1478014"]
[Date "2017.5.13"]
[Round "-"]
[White "chego"]
[Black "fontaine"]
[Result "0-1"]
[WhiteElo "2336"]
[BlackElo "2676"]

1. e4 c6 2. d4 d5 3. Nd2 dxe4 4. Nxe4 Bf5 5. Ng3 Bg6 6. Bc4 e6 7. N1e2 Nf6 8.
Nf4 Bd6 9. Bb3 Qc7 10. Qf3 Nbd7 11. O-O O-O 12. c3 a5 13. a3 Bxf4 14. Bxf4 Qb6
15. Qd1 c5 16. Re1 Rfd8 17. Be3 Rac8 18. Re2 Ng4 19. Bg5 Ndf6 20. Rd2 cxd4 21.
cxd4 h6 22. Bh4 Bh7 23. Ne2 Ne4 24. Rd3 Qd6 25. f4 g5 26. h3 gxh4 27. hxg4 Qb6
28. f5 exf5 29. gxf5 Bxf5 30. Qf1 Bg6 31. Rad1 Rc6 32. Re3 Rf6 33. Qe1 Nf2 34.
Rd2 Ng4 35. Rh3 Re8 36. Bc4 Qc6 37. Qxh4 h5 38. Rc3 Qe4 39. Qe1 h4 40. Qxh4 Rf2
41. Qxf2 Nxf2 42. Kxf2 b5 43. Bb3 Qh4+ 44. Rg3 Kh8 45. Bd1 f5 46. Kg1 Rxe2 47.
Rxe2 Qxg3 48. Rf2 Qd6 49. Be2 b4 50. axb4 Qxb4 51. Bf3 Qe1+ 52. Rf1 Qe3+ 53. Kh1
Qxd4 54. b3 Bf7 55. Be2 Bxb3 56. Rxf5 a4 57. Rf1 a3 58. Rc1 a2 59. Rc8+ Bg8 60.
Rc1 Qd2 61. Rf1 Qxe2 0-1

[Event "AUTO-ELITE-1913"]
[Site "http://www.queenalice.com/game.php?id=1508452"]
[Date "2017.12.18"]
[Round "1"]
[White "chego"]
[Black "trompmaster"]
[Result "1-0"]
[WhiteElo "2347"]
[BlackElo "2412"]

1. e4 c5 2. Nf3 e6 3. d4 cxd4 4. Nxd4 Bc5 5. Nb5 Qb6 6. Be3 Bxe3 7. fxe3 Qxe3+
8. Be2 Na6 9. N1c3 Nh6 10. Nd6+ Ke7 11. Nc4 Qc5 12. a3 Ng4 13. Bxg4 Qxc4 14. Be2
Qc5 15. Bxa6 bxa6 16. Qf3 Rb8 17. Rf1 Rf8 18. O-O-O f6 19. Qg3 Qg5+ 20. Qxg5
fxg5 21. Rxf8 Kxf8 22. Rd3 Ke7 23. Rf3 Bb7 24. Kd2 h6 25. b3 a5 26. g3 Rc8 27.
Rf1 d6 28. Rf2 g4 29. Kd3 Ba6+ 30. Kd2 h5 31. Rf4 Rc5 32. Rf2 Rc8 33. Rf4 Bb7
34. Rf1 Rh8 35. Ke3 Rc8 36. Kd2 Ba6 37. Rf4 Rc5 38. Rf2 Rg5 39. Ke3 Rc5 40. Kd2
g5 41. a4 Rc8 42. Nd1 Rf8 43. Rxf8 Kxf8 44. Ne3 Ke7 45. Kc3 Kf6 46. Kd4 Be2 47.
Nc4 Bxc4 48. bxc4 Ke7 49. c5 Kd7 50. c4 dxc5+ 51. Kxc5 Kc7 52. Kd4 Kd6 53. c5+
Kd7 54. Ke5 Ke7 55. c6 a6 56. c7 Kd7 57. c8=Q+ Kxc8 58. Kxe6 Kd8 59. Kf7 h4 60.
e5 hxg3 61. hxg3 1-0

[Event "AUTO-ELITE-1913"]
[Site "http://www.queenalice.com/game.php?id=1508453"]
[Date "2017.12.18"]
[Round "1"]
[White "trompmaster"]
[Black "chego"]
[Result "0-1"]
[WhiteElo "2382"]
[BlackElo "2334"]

1. g4 d5 2. h3 e5 3. Bg2 c6 4. d3 Ne7 5. Nd2 Ng6 6. Nf1 Nh4 7. Rh2 h5 8. g5 Bd6
9. Ng3 Na6 10. Bh1 e4 11. dxe4 Qc7 12. Qd3 Nb4 13. Qb3 Bxg3 14. Qxg3 Nxc2+ 15.
Kf1 Qa5 16. Qxh4 Qe1+ 17. Kg2 Nxa1 18. Qf4 Be6 19. Bd2 Qb1 20. Bc3 O-O 21. f3
Nc2 22. e3 Ne1+ 23. Bxe1 Qxe1 24. e5 d4 25. Qg3 Qd2+ 26. Kf1 Bc4+ 27. Ne2 d3 28.
Nc3 Qc1+ 29. Kg2 Qxb2+ 30. Kg1 Qc1+ 31. Kf2 Qd2+ 32. Kg1 Qxc3 0-1

[Event "AUTO-ELITE-1913"]
[Site "http://www.queenalice.com/game.php?id=1527037"]
[Date "2018.5.12"]
[Round "2"]
[White "grotegeest"]
[Black "chego"]
[Result "1-0"]
[WhiteElo "2625"]
[BlackElo "2360"]

1. e4 c5 2. Nf3 d6 3. d4 cxd4 4. Nxd4 Nf6 5. Nc3 a6 6. Bc4 e6 7. Bb3 b5 8. O-O
Be7 9. Qf3 Qb6 10. Be3 Qb7 11. Qg3 b4 12. Na4 Nbd7 13. f3 O-O 14. Rfd1 Rb8 15.
a3 bxa3 16. Rxa3 Ne5 17. Nc3 Bd7 18. Rda1 Ra8 19. R3a2 Rfc8 20. Qe1 Nc4 21. Bxc4
Rxc4 22. Qf1 d5 23. exd5 exd5 24. Qd3 Bd6 25. Nde2 Qc7 26. Rxa6 Rxa6 27. Rxa6
Bxh2+ 28. Kf2 Bc6 29. g3 Qc8 30. b3 Qxa6 31. bxc4 Qxc4 32. Qd4 h5 33. Kg2 Bxg3
34. Nxg3 h4 35. Nf5 h3+ 36. Kg1 Bb7 37. Qe5 Qa6 38. Qg3 Nh5 39. Ne7+ Kf8 40. Qc7
Qa8 41. Bd4 g6 42. Qd6 Ke8 43. Nb5 Qa2 44. Nc7+ 1-0

[Event "AUTO-ELITE-1913"]
[Site "http://www.queenalice.com/game.php?id=1527038"]
[Date "2018.5.12"]
[Round "2"]
[White "chego"]
[Black "grotegeest"]
[Result "0-1"]
[WhiteElo "2356"]
[BlackElo "2637"]

1. d4 Nf6 2. c4 g6 3. Nc3 Bg7 4. e4 O-O 5. e5 Ne8 6. Nf3 d6 7. Bf4 Bg4 8. h3
Bxf3 9. Qxf3 Nd7 10. Qe4 c5 11. dxc5 Nxc5 12. Qe3 Qa5 13. Bg3 dxe5 14. Rb1 e4
15. b4 Qa3 16. Nd5 Qxa2 17. Nxe7+ Kh8 18. Rd1 Na4 19. Nd5 Nf6 20. Nc3 Nxc3 21.
Qxc3 e3 22. Bd3 Nd5 23. Qc2 e2 24. Rd2 Qa1+ 25. Qb1 Qxb1+ 26. Bxb1 Nc3 27. Bd3
a5 28. Bxe2 Rfe8 29. bxa5 Rxa5 30. O-O Nxe2+ 31. Kh2 Nxg3 32. Kxg3 Kg8 33. Kh2
Rc5 34. Rb1 Rb8 35. g4 Rxc4 36. Rb5 b6 37. Rdd5 Rd4 38. Rxd4 Bxd4 39. f3 Kf8 40.
h4 Ke7 41. Rb4 Bc5 42. Rb3 b5 43. g5 Ke6 44. Kh3 b4 45. f4 Kd5 46. Kg4 Kc4 47.
Rb2 b3 48. Rb1 b2 49. Kh3 Kc3 50. f5 Kc2 51. Rf1 b1=Q 52. Rxb1 Rxb1 53. fxg6
fxg6 54. Kg3 Rf1 55. h5 Kd3 56. hxg6 hxg6 57. Kh3 Bd6 58. Kh4 Ke3 59. Kg4 Rg1+
0-1

[Event "AUTO-ELITE-2127"]
[Site "http://www.queenalice.com/game.php?id=1574591"]
[Date "2019.6.16"]
[Round "1"]
[White "hune"]
[Black "chego"]
[Result "1-0"]
[WhiteElo "2265"]
[BlackElo "2349"]

1. e4 d5 2. exd5 Nf6 3. c4 c6 4. Nc3 cxd5 5. cxd5 Nxd5 6. Nf3 Nc6 7. d4 Bg4 8.
Qb3 Bxf3 9. gxf3 Nb6 10. d5 Nd4 11. Bb5+ Nd7 12. Qa4 Nxf3+ 13. Kf1 a6 14. Be2
Ne5 15. Bf4 1-0

[Event "AUTO-ELITE-2127"]
[Site "http://www.queenalice.com/game.php?id=1574592"]
[Date "2019.6.16"]
[Round "1"]
[White "chego"]
[Black "hune"]
[Result "0-1"]
[WhiteElo "2334"]
[BlackElo "2280"]

1. e4 e5 2. d4 exd4 3. c3 d5 4. exd5 Qxd5 5. cxd4 Nc6 6. Nf3 Bg4 7. Nc3 Bb4 8.
Be2 Bxf3 9. Bxf3 Qc4 10. Qb3 Qxb3 11. axb3 Nge7 12. Be3 O-O-O 13. O-O a6 14. Ra4
a5 15. Na2 Nd5 0-1

[Event "AUTO-ELITE-2127"]
[Site "http://www.queenalice.com/game.php?id=1574597"]
[Date "2019.6.16"]
[Round "1"]
[White "tercer"]
[Black "chego"]
[Result "1-0"]
[WhiteElo "2227"]
[BlackElo "2320"]

1. e4 e6 2. d3 d5 3. Nd2 c5 4. Ngf3 Nc6 5. Qe2 Nb4 6. Qd1 Nc6 7. exd5 exd5 8. d4
Qb6 9. Be2 Bf5 10. O-O Nf6 11. dxc5 Bxc5 12. Nb3 O-O 13. Bg5 Be7 14. Bd3 Be4 15.
Qe2 1-0

[Event "AUTO-ELITE-2127"]
[Site "http://www.queenalice.com/game.php?id=1574598"]
[Date "2019.6.16"]
[Round "1"]
[White "chego"]
[Black "tercer"]
[Result "0-1"]
[WhiteElo "2305"]
[BlackElo "2242"]

1. e4 e5 2. Ne2 Nf6 3. Nbc3 Nc6 4. d4 Bb4 5. d5 Ne7 6. Ng3 h5 7. h4 d6 8. Bg5
Ng4 9. f3 Nf6 10. Qd2 Bd7 11. O-O-O Bc5 12. Bb5 a6 13. Bxd7+ Qxd7 14. Kb1 O-O-O
15. Qe2 Bd4 0-1

[Event "AUTO-ELITE-2205"]
[Site "http://www.queenalice.com/game.php?id=1600895"]
[Date "2020.2.27"]
[Round "1"]
[White "gega"]
[Black "chego"]
[Result "0-1"]
[WhiteElo "2283"]
[BlackElo "2282"]

1. c4 e5 2. d3 Nf6 3. d4 Nc6 4. e4 Bd6 5. Nf3 O-O 6. a4 h6 7. h3 Nxe4 8. g4 Qe7
9. Nh4 Qxh4 10. dxe5 Qxf2# 0-1

[Event "AUTO-ELITE-2205"]
[Site "http://www.queenalice.com/game.php?id=1600896"]
[Date "2020.2.27"]
[Round "1"]
[White "chego"]
[Black "gega"]
[Result "1-0"]
[WhiteElo "2285"]
[BlackElo "2287"]

1. e4 Nc6 2. d4 Nb4 3. a3 Nc6 4. Nf3 Nf6 5. e5 Ne4 6. d5 Na5 7. Bd3 Nd6 8. exd6
e6 9. Bg5 f6 10. Ne5 fxg5 11. Qh5+ g6 12. Qxg6+ hxg6 13. Bxg6# 1-0